| 000 | 01166nam a22002897a 4500 | ||
|---|---|---|---|
| 003 | OSt | ||
| 005 | 20201028155606.0 | ||
| 008 | 201028s2003 sp a|||br|||| 00| 1 spa d | ||
| 020 | _a8431672579 | ||
| 040 |
_aCO-JMCR _cCO-JMCR |
||
| 041 | 0 | _aspa | |
| 082 | 0 | 4 |
_aC / _bZORr _223 |
| 100 | 1 |
_aZorn, Steven, _ecompilador _912116 |
|
| 245 | 1 |
_aRelatos de monstruos / _cSteven Zorn, Pablo Antón ; ilustraciones, John Bradley |
|
| 250 | _aPrimera edición | ||
| 260 |
_aBarcelona : _bVicens vives, _c2003. |
||
| 300 |
_a103 páginas : _bilustraciones a color ; _c22 cm. |
||
| 490 | 0 |
_aCucaña ; _v27. |
|
| 505 | 0 |
_tLos ojos del dragón / _rKenneth Morris -- _tEl hombre lobo / _rEugene Field -- _tEl sepulturero y los duendes / _rCharles Dickens -- _tEl maestro de ajedrez / _rAmbrose Bierce -- _tFrankenstein / _rMary Shelley -- _tBeowulf y Grendel / _rAnónimo. |
|
| 650 | 2 | 4 |
_aLibros y lectura para niños _92184 |
| 650 | 0 | 4 |
_aLibros ilustrados para niños _912117 |
| 650 | 0 | 4 |
_aCuentos de terror _91438 |
| 650 | 0 | 4 |
_aCuentos de fantasmas _912118 |
| 700 | 1 |
_aAntón, Pablo, _eautor _912119 |
|
| 700 | 1 |
_aBradley, John, _eilustrador _912120 |
|
| 942 |
_2ddc _cBK |
||
| 999 |
_c6995 _d6995 |
||